[Event "VIII Lorca Open-A 2019"]
[Site "Lorca"]
[Date "2019.12.26"]
[Round "1.1"]
[White "Guerra Arrocha, Daniel"]
[Black "Grigoryan, Karen H."]
[Result "0-1"]
[WhiteElo "2105"]
[BlackElo "2621"]
[Annotator "RC"]
[PlyCount "23"]
[EventDate "2019.12.26"]
[EventType "swiss"]
[EventCountry "ESP"]
[SourceTitle "playchess.com"]
[Source "ChessBase"]
[SourceQuality "1"]
[TimeControl "5400+30"]

1. e4 c5 2. Nf3 Nc6 3. Bb5 g6 4. O-O Bg7 5. c3 e5 6. d3 Nge7 7. Be3 d6 8. d4 exd4 9. cxd4 a6 10. Be2 Bg4 11. dxc5 Bxf3 12. Bxf3 0-1

[Event "VIII Lorca Open-A 2019"]
[Site "Lorca"]
[Date "2019.12.26"]
[Round "1.3"]
[White "Ereza Vizcarra, Fernando"]
[Black "Sivuk, Vitaly"]
[Result "0-1"]
[WhiteElo "2097"]
[BlackElo "2588"]
[Annotator "TA"]
[PlyCount "26"]
[EventDate "2019.12.26"]
[EventType "swiss"]
[EventCountry "ESP"]
[SourceTitle "playchess.com"]
[Source "ChessBase"]
[SourceQuality "1"]

{[%evp 12,26,5,-2,22,9,7,0,0,-9,31,0,0,-49,-47,-58,-47]} 1. d4 Nf6 2. Nf3 g6 3. c4 Bg7 4. Nc3 d5 5. e3 O-O 6. Be2 c5 7. dxc5 {[%cal Rc4d5]} Ne4 {D94: Grünfeld: 4 Nf3 Bg7 5 e3} (7... Qa5 8. cxd5 Nxd5 9. Qxd5 Bxc3+ 10. Bd2 Rd8 11. Qxd8+ Qxd8 12. Bxc3 Nd7 13. Rd1 Qc7 14. O-O Nxc5 15. Be5 Qb6 16. Bd4 Qa5 17. Bc3 Qb6 18. Bd4 Qa5 19. Bc3 Qb6 20. Bd4 {½-½ (20) Tomashevsky,E (2706)-Gelfand,B (2764) Elancourt 2013}) 8. Nxe4 dxe4 9. Qxd8 Rxd8 {The position is equal.} 10. Nd4 $146 ({Predecessor:} 10. Nd2 f5 11. O-O Bxb2 12. Bxb2 Rxd2 13. Rfd1 Rxb2 14. Rd8+ Kf7 15. Rxc8 Rxe2 {0-1 (31) Garcia,A (1845)-Chalmeta Ugas,R (2015) Barcelona 2001}) 10... e5 11. Nc2 a5 12. b3 Na6 {[%mdl 1024] Black has compensation.} 13. Ba3 Bf8 0-1

[Event "VIII Lorca Open-A 2019"]
[Site "Lorca"]
[Date "2019.12.26"]
[Round "1.4"]
[White "Lopez Martinez, Josep Manuel"]
[Black "Perez Perez, Gabriel"]
[Result "1-0"]
[WhiteElo "2561"]
[BlackElo "2097"]
[Annotator "TA"]
[PlyCount "26"]
[EventDate "2019.12.26"]
[EventType "swiss"]
[EventCountry "ESP"]
[SourceTitle "playchess.com"]
[Source "ChessBase"]
[SourceQuality "1"]

{[%evp 9,19,43,44,45,41,36,48,41,49,21,34,31]} 1. e4 c5 2. Nc3 Nc6 3. Nf3 Nf6 4. Bb5 a6 5. Bxc6 dxc6 6. O-O {B30: Sicilian: 2...Nc6 3 Bb5, lines without ...g6} Bg4 7. h3 Bxf3 8. Qxf3 e5 9. Qg3 Qc7 10. d3 {Predecessor:} g6 $146 11. Qh4 Nd7 12. f4 Be7 13. Qf2 f6 {1-0 (46) Kupreichik,V (2500)-Roeder,F (2305) Bad Woerishofen 1995} 1-0

[Event "VIII Lorca Open-A 2019"]
[Site "Lorca"]
[Date "2019.12.26"]
[Round "1.5"]
[White "Rajarishi Karthi"]
[Black "Harutyunian, Tigran K."]
[Result "1-0"]
[WhiteElo "2093"]
[BlackElo "2540"]
[Annotator "RC"]
[PlyCount "33"]
[EventDate "2019.12.26"]
[EventType "swiss"]
[EventCountry "ESP"]
[SourceTitle "playchess.com"]
[Source "ChessBase"]
[SourceQuality "1"]
[TimeControl "5400+30"]

1. d4 {[%emt 0:00:30]} Nf6 {[%emt 0:00:00]} 2. c4 g6 {[%emt 0:00:30]} 3. Nc3 {[%emt 0:01:00]} d5 {[%emt 0:00:30]} 4. cxd5 {[%emt 0:00:30]} Nxd5 {[%emt 0:00:30]} 5. e4 {[%emt 0:00:30]} Nxc3 {[%emt 0:00:30]} 6. bxc3 {[%emt 0:00:30]} Bg7 {[%emt 0:00:30]} 7. Bc4 {[%emt 0:00:30]} c5 {[%emt 0:00:30]} 8. Ne2 {[%emt 0:00:30]} Nc6 {[%emt 0:00:30]} 9. Be3 {[%emt 0:00:30]} O-O {[%emt 0:00:30]} 10. O-O {[%emt 0:00:30]} Bg4 {[%emt 0:00:30]} 11. f3 {[%emt 0:00:30]} Bd7 {[%emt 0:00:30]} 12. Rb1 {[%emt 0:00:30]} Rc8 {[%emt 0:00:30]} 13. dxc5 {[%emt 0:00:30]} Qc7 {[%emt 0:00:30]} 14. Qa4 {[%emt 0:00:30]} a6 {[%emt 0:00:30]} 15. Qc2 {[%emt 0:00:30]} Na5 {[%emt 0:00:30]} 16. Bd3 {[%emt 0:00:30]} Rfd8 {[%emt 0:00:30]} 17. Rfd1 {[%emt 0:00:30]} 1-0

[Event "VIII Lorca Open-A 2019"]
[Site "Lorca"]
[Date "2019.12.26"]
[Round "1.6"]
[White "Krysa, Leandro"]
[Black "Yugina, Maria"]
[Result "1-0"]
[WhiteElo "2527"]
[BlackElo "2089"]
[Annotator "TA"]
[PlyCount "21"]
[EventDate "2019.12.26"]
[EventType "swiss"]
[EventCountry "ESP"]
[SourceTitle "playchess.com"]
[Source "ChessBase"]
[SourceQuality "1"]

{[%evp 13,21,27,39,37,47,36,40,36,58,54]} 1. Nf3 e6 2. g3 f5 3. Bg2 Nf6 4. O-O Be7 5. d3 O-O 6. c4 d6 7. Nc3 c6 8. b4 {[%cal Bb2b4,Bb4b5][%mdl 32] White is slightly better. A10: English Opening: Unusual Replies for Black} e5 (8... Na6 9. b5 cxb5 10. Nxb5 Nc5 11. Nfd4 a6 12. Nc3 Nfd7 13. Nb3 Rb8 14. Nxc5 dxc5 15. Bf4 e5 {1-0 (62) Stopa,J (2498)-Gleizerov,E (2552) Bratto 2014}) 9. b5 Kh8 $146 ({Predecessor:} 9... Qc7 10. Rb1 d5 11. cxd5 Nxd5 12. Bb2 Bf6 13. Nxd5 cxd5 14. Qb3 Rd8 {1-0 (30) Stewart,A (2111)-Howell,O (1701) Llandudno 2017}) 10. a4 Qe8 11. c5 1-0

[Event "VIII Lorca Open-A 2019"]
[Site "Lorca"]
[Date "2019.12.26"]
[Round "1.7"]
[White "Dan, Teodor"]
[Black "Bjerre, Jonas Buhl"]
[Result "0-1"]
[WhiteElo "2084"]
[BlackElo "2526"]
[Annotator "TA"]
[PlyCount "32"]
[EventDate "2019.12.26"]
[EventType "swiss"]
[EventCountry "ESP"]
[SourceTitle "playchess.com"]
[Source "ChessBase"]
[SourceQuality "1"]

{[%evp 15,19,4,18,-16,18,-6]} 1. d4 Nf6 2. c4 e6 3. Nc3 Bb4 4. Qc2 O-O 5. a3 Bxc3+ 6. Qxc3 d6 7. Bg5 Nbd7 8. e3 b6 9. Ne2 {E32: Nimzo-Indian: Classical (4 Qc2): 4...0-0} c5 (9... Ba6 10. Rd1 h6 11. Bxf6 Nxf6 12. Ng3 c5 13. Be2 Qc7 14. O-O Rac8 15. Rc1 cxd4 16. Qxd4 Rfd8 {½-½ (38) Nakamura,H (2799)-Jakovenko,D (2738) Khanty-Mansiysk 2015}) 10. Rd1 {[%mdl 32768] Loss on time!?} {Predecessor:} Qc7 $146 11. Qc2 Ba6 12. Nc3 Rac8 13. Be2 h6 14. Bxf6 Nxf6 15. O-O cxd4 16. Rxd4 e5 {½-½ (34) Roiz,M (2668)-Alekseev,E (2662) Saratov 2011} 0-1

[Event "VIII Lorca Open-A 2019"]
[Site "Lorca"]
[Date "2019.12.27"]
[Round "2.1"]
[White "Grigoryan, Karen H."]
[Black "Alonso Garcia, Aaron"]
[Result "1-0"]
[WhiteElo "2621"]
[BlackElo "2258"]
[Annotator "RC"]
[PlyCount "81"]
[EventDate "2019.12.26"]
[EventType "swiss"]
[EventCountry "ESP"]
[SourceTitle "playchess.com"]
[Source "ChessBase"]
[SourceQuality "1"]
[TimeControl "5400+30"]

1. e4 {[%emt 0:03:54]} c5 {[%emt 0:01:02]} 2. Nf3 {[%emt 0:00:06]} e6 {[%emt 0:00:19]} 3. d4 {[%emt 0:00:06]} cxd4 {[%emt 0:00:02]} 4. Nxd4 {[%emt 0:00:06]} Nc6 {[%emt 0:00:06]} 5. Nc3 {[%emt 0:00:06]} Qc7 {[%emt 0:00:04]} 6. Be3 {[%emt 0:00:17]} a6 {[%emt 0:00:07]} 7. Qd2 {[%emt 0:01:28]} Nf6 {[%emt 0:00:53]} 8. O-O-O {[%emt 0:02:31]} Bb4 {[%emt 0:05:10]} 9. f3 {[%emt 0:00:07]} b5 {[%emt 0:00:29]} 10. Nxc6 {[%emt 0:02:24]} Qxc6 {[%emt 0:05:11]} 11. Bd4 {[%emt 0:06:24]} Be7 {[%emt 0:06:00]} 12. g4 {[%emt 0:01:37]} Bb7 {[%emt 0:08:28]} 13. g5 {[%emt 0:01:41]} Nh5 {[%emt 0:00:07]} 14. Bh3 {[%emt 0:01:55]} Rg8 {[%emt 0:28:12]} 15. Bg4 {[%emt 0:02:27]} g6 {[%emt 0:00:08]} 16. Rhe1 {[%emt 0:02:40]} Rc8 {[%emt 0:10:56]} 17. Kb1 {[%emt 0:02:10]} Kf8 {[%emt 0:04:34]} 18. h4 {[%emt 0:02:20]} Qc7 {[%emt 0:02:34]} 19. Ne2 {[%emt 0:05:18]} Ng7 {[%emt 0:02:59]} 20. Bc3 {[%emt 0:02:57]} Bc6 {[%emt 0:03:31]} 21. Nd4 {[%emt 0:01:57]} Qb8 {[%emt 0:01:42]} 22. Nxc6 {[%emt 0:00:45]} dxc6 {[%emt 0:00:47]} 23. Bf6 {[%emt 0:00:40]} Ne8 {[%emt 0:00:21]} 24. e5 {[%emt 0:00:16]} Qc7 {[%emt 0:03:37]} 25. f4 {[%emt 0:00:54]} h5 {[%emt 0:07:03]} 26. Bf3 {[%emt 0:00:13]} Ng7 {[%emt 0:03:08]} 27. Qd7 {[%emt 0:00:57]} Nf5 {[%emt 0:00:16]} 28. Be4 {[%emt 0:00:27]} Qxd7 {[%emt 0:04:39]} 29. Rxd7 {[%emt 0:00:07]} Bxf6 {[%emt 0:00:07]} 30. exf6 {[%emt 0:00:38]} Rh8 {[%emt 0:00:43]} 31. Red1 {[%emt 0:00:30]} Kg8 {[%emt 0:00:05]} 32. Bxf5 {[%emt 0:00:12]} gxf5 {[%emt 0:00:22]} 33. Re7 {[%emt 0:00:17]} Rf8 {[%emt 0:00:04]} 34. Rdd7 {[%emt 0:00:09]} c5 {[%emt 0:00:56]} 35. b3 {[%emt 0:00:16]} Rh7 {[%emt 0:00:50]} 36. Kb2 {[%emt 0:00:33]} Rh8 {[%emt 0:00:07]} 37. Rc7 {[%emt 0:00:27]} b4 {[%emt 0:00:21]} 38. Ra7 {[%emt 0:00:17]} a5 {[%emt 0:00:09]} 39. Rac7 {[%emt 0:00:20]} Rh7 {[%emt 0:00:43]} 40. Rxc5 {[%emt 0:00:07]} Rd8 {[%emt 0:00:14]} 41. Rxa5 {[%emt 0:00:11]} 1-0

[Event "VIII Lorca Open-A 2019"]
[Site "Lorca"]
[Date "2019.12.27"]
[Round "2.2"]
[White "Rangel, Daniel"]
[Black "Bernadskiy, Vitaliy"]
[Result "0-1"]
[WhiteElo "2258"]
[BlackElo "2593"]
[Annotator "TA"]
[PlyCount "64"]
[EventDate "2019.12.26"]
[EventType "swiss"]
[EventCountry "ESP"]
[SourceTitle "playchess.com"]
[Source "ChessBase"]
[SourceQuality "1"]

{[%evp 16,64,16,7,17,4,12,4,15,-23,0,5,27,12,32,28,21,37,29,30,28,0,0,-29,0,-22,-26,-19,-19,-47,0,0,-14,0,0,-44,-31,-26,-16,-22,-22,-117,-109,-90,0,-35,-45,-94,-68,-1012,-999]} 1. c4 e5 2. g3 d6 3. Bg2 f5 4. Nc3 Be7 5. d3 Nf6 6. e3 O-O 7. Nge2 c6 8. O-O Be6 9. b3 Nbd7 {A21: English Opening: 1...e5 2 Nc3} 10. Bb2 (10. f4 Ng4 11. h3 Ngf6 12. fxe5 Nxe5 13. d4 Nf7 14. d5 Bd7 15. Nd4 Qc8 16. dxc6 bxc6 17. Qc2 {0-1 (39) Sivuk,V (2566)-Deepan Chakkravarthy,J (2478) Chennai 2016}) 10... Bf7 11. Qd2 a6 $146 {The position is equal.} ({Predecessor:} 11... d5 12. Rac1 dxc4 13. bxc4 Qc7 14. Na4 Rad8 15. Rfd1 Bh5 16. Qc2 Rde8 17. f3 {0-1 (49) Baimurzin,A (2132)-Bergstrom,R (2296) Marianske Lazne 2016}) 12. b4 d5 13. cxd5 cxd5 14. Na4 a5 15. a3 b5 {[#]} 16. Nc5 $1 {[%mdl 512]} Bxc5 (16... Nxc5 17. bxc5) 17. bxc5 Nxc5 18. Qc2 (18. Rab1 $5 {[%cal Rb2e5]}) 18... Ncd7 19. Rab1 Qe7 20. Rfc1 b4 21. axb4 axb4 22. Qd2 Rfc8 23. Rxc8+ Rxc8 {[%cal Ba8c8,Bc8c2,Bc2g2][%mdl 32]} 24. Ba1 Bh5 25. f4 Bxe2 26. Qxe2 exf4 27. gxf4 {[#]} b3 $1 $36 {[%mdl 2560] Strongly threatening ...Rc2. Black has good play.} 28. Bd4 (28. Qe1 $1 $11 {keeps the balance.}) (28. Rxb3 Rc1+) 28... Rc2 $17 29. Qe1 {[#]} Qa3 (29... Nc5 $1 $17 30. Qa5 Kf7) 30. Ra1 Qd6 {Hoping for ...b2.} 31. Rb1 Qc6 32. Qb4 $2 {[%mdl 8192] [#]} (32. Bf3 $15) 32... Rxg2+ $1 {[%mdl 576] Clearance. Accuracy: White = 33%, Black = 46%.} 0-1

[Event "VIII Lorca Open-A 2019"]
[Site "Lorca"]
[Date "2019.12.27"]
[Round "2.3"]
[White "Orantes Taboada, Francisco"]
[Black "Lopez Martinez, Josep Manuel"]
[Result "1/2-1/2"]
[WhiteElo "2242"]
[BlackElo "2561"]
[Annotator "ChessBase"]
[PlyCount "62"]
[EventDate "2019.12.26"]
[EventType "swiss"]
[EventCountry "ESP"]
[SourceTitle "playchess.com"]
[Source "ChessBase"]
[SourceQuality "1"]
[TimeControl "5400+30"]

1. Nf3 {[%emt 0:00:00]} d5 {[%emt 0:09:38]} 2. g3 {[%emt 0:00:00]} Nc6 {[%emt 0:00:30]} 3. d4 {[%emt 0:00:00]} Bf5 {[%emt 0:00:52]} 4. Bg2 {[%emt 0:00:33]} Qd7 {[%emt 0:04:27]} 5. O-O {[%emt 0:00:37]} f6 {[%emt 0:02:24]} 6. c4 {[%emt 0:01:37]} e6 {[%emt 0:00:28]} 7. Nc3 {[%emt 0:02:43]} dxc4 {[%emt 0:02:32]} 8. e4 {[%emt 0:01:54]} Bg4 {[%emt 0:01:28]} 9. d5 {[%emt 0:00:58]} Bxf3 {[%emt 0:11:28]} 10. Bxf3 {[%emt 0:04:09]} Ne5 {[%emt 0:01:02]} 11. Be2 {[%emt 0:22:13]} exd5 {[%emt 0:03:19]} 12. f4 {[%emt 0:12:55]} Nd3 {[%emt 0:00:27]} 13. Bg4 {[%emt 0:02:19]} Bc5+ {[%emt 0:02:33]} 14. Kg2 {[%emt 0:00:08]} Qd6 {[%emt 0:11:24]} 15. exd5 {[%emt 0:03:46]} Bb4 {[%emt 0:00:30]} 16. Qa4+ {[%emt 0:04:14]} Kf8 {[%emt 0:00:09]} 17. Qb5 {[%emt 0:09:58]} Qc5 {[%emt 0:02:32]} 18. Qxb7 {[%emt 0:03:10]} Re8 {[%emt 0:00:11]} 19. Be6 {[%emt 0:01:19]} Ne7 {[%emt 0:03:25]} 20. Ne4 {[%emt 0:06:39]} Qd4 {[%emt 0:01:13]} 21. Ng5 {[%emt 0:00:11]} h6 {[%emt 0:10:28]} 22. Nf7 {[%emt 0:03:26]} Qe4+ {[%emt 0:00:42]} 23. Kh3 {[%emt 0:00:09]} Qe2 {[%emt 0:04:47]} 24. Bd2 {[%emt 0:05:47]} Bxd2 {[%emt 0:01:43]} 25. Nxh8 {[%emt 0:00:05]} Be1 {[%emt 0:10:52]} 26. Raxe1 {[%emt 0:01:47]} Nxe1 {[%emt 0:00:12]} 27. Ng6+ {[%emt 0:00:04]} Nxg6 {[%emt 0:02:16]} 28. Qb4+ {[%emt 0:00:04]} Re7 {[%emt 0:06:37]} 29. Qb8+ {[%emt 0:02:29]} Re8 {[%emt 0:00:08]} 30. Qb4+ {[%emt 0:00:03]} Re7 {[%emt 0:02:43]} 31. Qb8+ {[%emt 0:00:04]} Re8 {[%emt 0:04:30]} 1/2-1/2

[Event "VIII Lorca Open-A 2019"]
[Site "Lorca"]
[Date "2019.12.27"]
[Round "2.4"]
[White "Sivuk, Vitaly"]
[Black "Medarde Santiago, Luis Marcos"]
[Result "1-0"]
[WhiteElo "2588"]
[BlackElo "2254"]
[Annotator "ChessBase"]
[PlyCount "65"]
[EventDate "2019.12.26"]
[EventType "swiss"]
[EventCountry "ESP"]
[SourceTitle "playchess.com"]
[Source "ChessBase"]
[SourceQuality "1"]
[TimeControl "5400+30"]

1. d4 {[%emt 1:30:30]} Nf6 {[%emt 1:30:30]} 2. c4 {[%emt 0:00:30]} e6 {[%emt 0:00:30]} 3. Nc3 {[%emt 0:00:30]} Bb4 {[%emt 0:00:30]} 4. Nf3 {[%emt 0:00:30]} O-O {[%emt 0:00:30]} 5. Bg5 {[%emt 0:00:30]} c5 {[%emt 0:00:30]} 6. Rc1 {[%emt 0:00:30]} h6 {[%emt 0:00:30]} 7. Bh4 {[%emt 0:00:30]} cxd4 {[%emt 0:00:30]} 8. Nxd4 {[%emt 0:00:30]} d5 {[%emt 0:00:30]} 9. cxd5 {[%emt 0:00:30]} g5 {[%emt 0:00:30]} 10. Bg3 {[%emt 0:00:30]} Qxd5 {[%emt 0:00:30]} 11. e3 {[%emt 0:00:30]} Qxa2 {[%emt 0:00:30]} 12. Bd3 {[%emt 0:00:30]} Qxb2 {[%emt 0:00:30]} 13. O-O {[%emt 0:00:30]} Bxc3 {[%emt 0:00:30]} 14. Rc2 {[%emt 0:00:30]} Qb4 {[%emt 0:00:30]} 15. Nb5 {[%emt 0:00:30]} Rd8 {[%emt 0:00:30]} 16. Bh7+ {[%emt 0:00:30]} Kxh7 {[%emt 0:00:30]} 17. Qxd8 {[%emt 0:00:30]} Nc6 {[%emt 0:00:30]} 18. Qd3+ {[%emt 0:00:30]} Qe4 {[%emt 0:00:30]} 19. Qxc3 {[%emt 0:00:30]} Nd5 {[%emt 0:00:30]} 20. Qb2 {[%emt 0:00:30]} f5 {[%emt 0:00:30]} 21. Nc7 {[%emt 0:00:30]} Nxc7 {[%emt 0:00:30]} 22. Bxc7 {[%emt 0:00:30]} Qb4 {[%emt 0:00:30]} 23. Qa1 {[%emt 0:00:30]} Qe7 {[%emt 0:00:30]} 24. Be5 {[%emt 0:00:30]} Bd7 {[%emt 0:00:30]} 25. Bf6 {[%emt 0:00:30]} Qf7 {[%emt 0:00:30]} 26. Qb2 {[%emt 0:00:30]} Kg6 {[%emt 0:00:30]} 27. Bh8 {[%emt 0:00:30]} Kh7 {[%emt 0:00:30]} 28. Bc3 {[%emt 0:00:30]} b5 {[%emt 0:00:30]} 29. Qxb5 {[%emt 0:00:30]} f4 {[%emt 0:00:30]} 30. Rd2 {[%emt 0:00:30]} Be8 {[%emt 0:00:30]} 31. exf4 {[%emt 0:00:30]} gxf4 {[%emt 0:00:30]} 32. Re1 {[%emt 0:00:30]} Qg6 {[%emt 0:00:30]} 33. Qb7+ {[%emt 0:00:30]} 1-0

[Event "VIII Lorca Open-A 2019"]
[Site "Lorca"]
[Date "2019.12.27"]
[Round "2.5"]
[White "Tudela Corbalan, Carlos"]
[Black "Krysa, Leandro"]
[Result "0-1"]
[WhiteElo "2238"]
[BlackElo "2527"]
[Annotator "ChessBase"]
[PlyCount "84"]
[EventDate "2019.12.26"]
[EventType "swiss"]
[EventCountry "ESP"]
[SourceTitle "playchess.com"]
[Source "ChessBase"]
[SourceQuality "1"]
[TimeControl "5400+30"]

1. c4 {[%emt 1:30:30]} e5 {[%emt 1:30:30]} 2. g3 {[%emt 0:00:30]} c6 {[%emt 0:00:30]} 3. Bg2 {[%emt 0:00:30]} d5 {[%emt 0:00:30]} 4. cxd5 {[%emt 0:00:30]} cxd5 {[%emt 0:00:30]} 5. d4 {[%emt 0:00:30]} e4 {[%emt 0:00:30]} 6. Nh3 {[%emt 0:00:30]} Bb4+ {[%emt 0:00:30]} 7. Bd2 {[%emt 0:00:30]} Bxd2+ {[%emt 0:00:30]} 8. Qxd2 {[%emt 0:00:30]} Nf6 {[%emt 0:00:30]} 9. Nc3 {[%emt 0:00:30]} O-O {[%emt 0:00:30]} 10. Nf4 {[%emt 0:00:30]} Nc6 {[%emt 0:00:30]} 11. h4 {[%emt 0:00:30]} Re8 {[%emt 0:00:30]} 12. e3 {[%emt 0:00:30]} Bg4 {[%emt 0:00:30]} 13. O-O {[%emt 0:00:30]} Qd7 {[%emt 0:00:30]} 14. Nfxd5 {[%emt 0:00:30]} Nxd5 {[%emt 0:00:30]} 15. Nxe4 {[%emt 0:00:30]} b6 {[%emt 0:00:30]} 16. Rfe1 {[%emt 0:00:30]} Rac8 {[%emt 0:00:30]} 17. Nc3 {[%emt 0:00:30]} Nxc3 {[%emt 0:00:30]} 18. bxc3 {[%emt 0:00:30]} Ne5 {[%emt 0:00:30]} 19. e4 {[%emt 0:00:30]} Nf3+ {[%emt 0:00:30]} 20. Bxf3 {[%emt 0:00:30]} Bxf3 {[%emt 0:00:30]} 21. Qd3 {[%emt 0:00:30]} Qg4 {[%emt 0:00:30]} 22. e5 {[%emt 0:00:30]} Bd5 {[%emt 0:00:30]} 23. Kh2 {[%emt 0:00:30]} Qf3 {[%emt 0:00:30]} 24. Qxf3 {[%emt 0:00:30]} Bxf3 {[%emt 0:00:30]} 25. Re3 {[%emt 0:00:30]} Bd5 {[%emt 0:00:30]} 26. a4 {[%emt 0:00:30]} Rc4 {[%emt 0:00:30]} 27. a5 {[%emt 0:00:30]} b5 {[%emt 0:00:30]} 28. a6 {[%emt 0:00:30]} Ra4 {[%emt 0:00:30]} 29. Rb1 {[%emt 0:00:30]} Rb8 {[%emt 0:00:30]} 30. f4 {[%emt 0:00:30]} h5 {[%emt 0:00:30]} 31. f5 {[%emt 0:00:30]} Rxa6 {[%emt 0:00:30]} 32. g4 {[%emt 0:00:30]} hxg4 {[%emt 0:00:30]} 33. Kg3 {[%emt 0:00:30]} Rc6 {[%emt 0:00:30]} 34. Kxg4 {[%emt 0:00:30]} a5 {[%emt 0:00:30]} 35. Kf4 {[%emt 0:00:30]} Rh6 {[%emt 0:00:30]} 36. Kg5 {[%emt 0:00:30]} b4 {[%emt 0:00:30]} 37. cxb4 {[%emt 0:00:30]} axb4 {[%emt 0:00:30]} 38. Rb2 {[%emt 0:00:30]} b3 {[%emt 0:00:30]} 39. Rc3 {[%emt 0:00:30]} Rc6 {[%emt 0:00:30]} 40. Rxc6 {[%emt 0:00:30]} Bxc6 {[%emt 0:00:30]} 41. f6 {[%emt 0:00:30]} Bd5 {[%emt 0:00:30]} 42. h5 {[%emt 0:00:30]} Rc8 {[%emt 0:00:30]} 0-1

[Event "VIII Lorca Open-A 2019"]
[Site "Lorca"]
[Date "2019.12.27"]
[Round "2.6"]
[White "Bjerre, Jonas Buhl"]
[Black "Rodriguez Melendez, Juan Humbert"]
[Result "1-0"]
[WhiteElo "2526"]
[BlackElo "2242"]
[Annotator "ChessBase"]
[PlyCount "65"]
[EventDate "2019.12.26"]
[EventType "swiss"]
[EventCountry "ESP"]
[SourceTitle "playchess.com"]
[Source "ChessBase"]
[SourceQuality "1"]
[TimeControl "5400+30"]

1. e4 {[%emt 0:00:00]} c5 {[%emt 0:04:53]} 2. Nf3 {[%emt 0:00:15]} Nc6 {[%emt 0:00:09]} 3. d4 {[%emt 0:00:22]} cxd4 {[%emt 0:00:10]} 4. Nxd4 {[%emt 0:00:07]} Nf6 {[%emt 0:00:10]} 5. Nc3 {[%emt 0:00:21]} e5 {[%emt 0:00:15]} 6. Ndb5 {[%emt 0:01:11]} d6 {[%emt 0:00:13]} 7. Bg5 {[%emt 0:01:21]} a6 {[%emt 0:00:20]} 8. Na3 {[%emt 0:01:11]} b5 {[%emt 0:00:18]} 9. Nd5 {[%emt 0:00:38]} Be7 {[%emt 0:00:18]} 10. Bxf6 {[%emt 0:00:49]} Bxf6 {[%emt 0:00:16]} 11. c4 {[%emt 0:00:33]} b4 {[%emt 0:00:10]} 12. Nc2 {[%emt 0:00:05]} O-O {[%emt 0:00:30]} 13. g3 {[%emt 0:01:18]} Rb8 {[%emt 0:05:36]} 14. Qd3 {[%emt 0:03:12]} Bg5 {[%emt 0:03:48]} 15. h4 {[%emt 0:09:00]} Bh6 {[%emt 0:01:16]} 16. Bh3 {[%emt 0:00:59]} Be6 {[%emt 0:04:55]} 17. Kf1 {[%emt 0:03:36]} Qa5 {[%emt 0:06:48]} 18. Kg2 {[%emt 0:14:31]} Bxd5 {[%emt 0:04:17]} 19. cxd5 {[%emt 0:03:48]} Nd8 {[%emt 0:00:37]} 20. a3 {[%emt 0:02:56]} bxa3 {[%emt 0:05:05]} 21. Rxa3 {[%emt 0:02:28]} Qc7 {[%emt 0:19:41]} 22. b4 {[%emt 0:02:18]} Rb6 {[%emt 0:05:24]} 23. Rha1 {[%emt 0:02:20]} Qb7 {[%emt 0:04:56]} 24. Rxa6 {[%emt 0:04:32]} Rxb4 {[%emt 0:00:08]} 25. Nxb4 {[%emt 0:01:32]} Qxb4 {[%emt 0:00:06]} 26. Rb1 {[%emt 0:04:54]} Qc5 {[%emt 0:00:27]} 27. Rbb6 {[%emt 0:03:39]} f5 {[%emt 0:02:42]} 28. exf5 {[%emt 0:02:49]} Nf7 {[%emt 0:01:23]} 29. f6 {[%emt 0:02:41]} Kh8 {[%emt 0:06:32]} 30. Be6 {[%emt 0:02:40]} e4 {[%emt 0:02:21]} 31. Qxe4 {[%emt 0:02:39]} Ne5 {[%emt 0:00:14]} 32. Rxd6 {[%emt 0:02:12]} Nc4 {[%emt 0:00:13]} 33. Rdc6 {[%emt 0:01:14]} 1-0

[Event "VIII Lorca Open-A 2019"]
[Site "Lorca"]
[Date "2019.12.27"]
[Round "2.7"]
[White "Garcia Romero, Benjamin Abel"]
[Black "Maiorov, Nikita"]
[Result "0-1"]
[WhiteElo "2231"]
[BlackElo "2523"]
[Annotator "ChessBase"]
[PlyCount "78"]
[EventDate "2019.12.26"]
[EventType "swiss"]
[EventCountry "ESP"]
[SourceTitle "playchess.com"]
[Source "ChessBase"]
[SourceQuality "1"]
[TimeControl "5400+30"]

1. e4 {[%emt 0:00:00]} e5 {[%emt 0:07:56]} 2. Nf3 {[%emt 0:00:20]} Nc6 {[%emt 0:00:03]} 3. Bb5 {[%emt 0:00:25]} a6 {[%emt 0:00:03]} 4. Ba4 {[%emt 0:00:28]} Nf6 {[%emt 0:00:05]} 5. O-O {[%emt 0:00:27]} b5 {[%emt 0:00:06]} 6. Bb3 {[%emt 0:00:12]} Bb7 {[%emt 0:00:29]} 7. d3 {[%emt 0:07:40]} Be7 {[%emt 0:00:07]} 8. Nc3 {[%emt 0:04:52]} O-O {[%emt 0:00:46]} 9. Bd2 {[%emt 0:03:00]} d6 {[%emt 0:00:21]} 10. Nd5 {[%emt 0:04:35]} Nxd5 {[%emt 0:05:37]} 11. Bxd5 {[%emt 0:00:13]} Rb8 {[%emt 0:00:12]} 12. b4 {[%emt 0:03:25]} Qc8 {[%emt 0:00:47]} 13. Bg5 {[%emt 0:07:47]} Bxg5 {[%emt 0:04:05]} 14. Nxg5 {[%emt 0:00:09]} h6 {[%emt 0:00:15]} 15. Nxf7 {[%emt 0:11:38]} Rxf7 {[%emt 0:00:44]} 16. Qh5 {[%emt 0:00:05]} Nd8 {[%emt 0:00:46]} 17. Bxf7+ {[%emt 0:00:28]} Nxf7 {[%emt 0:00:05]} 18. f4 {[%emt 0:01:52]} Qe6 {[%emt 0:03:25]} 19. f5 {[%emt 0:01:07]} Qf6 {[%emt 0:00:39]} 20. Rae1 {[%emt 0:02:27]} d5 {[%emt 0:01:34]} 21. exd5 {[%emt 0:04:09]} Bxd5 {[%emt 0:00:08]} 22. Re3 {[%emt 0:01:58]} Nd6 {[%emt 0:17:22]} 23. Qg6 {[%emt 0:08:55]} Bf7 {[%emt 0:01:38]} 24. Qxf6 {[%emt 0:01:27]} gxf6 {[%emt 0:00:05]} 25. g4 {[%emt 0:00:14]} Rc8 {[%emt 0:00:30]} 26. Rd1 {[%emt 0:07:42]} Kh7 {[%emt 0:03:54]} 27. h3 {[%emt 0:01:15]} h5 {[%emt 0:02:04]} 28. Kf2 {[%emt 0:07:38]} c5 {[%emt 0:00:30]} 29. c3 {[%emt 0:01:28]} cxb4 {[%emt 0:02:29]} 30. cxb4 {[%emt 0:00:05]} Kh6 {[%emt 0:00:18]} 31. Ree1 {[%emt 0:03:07]} Rc3 {[%emt 0:05:18]} 32. Re3 {[%emt 0:09:02]} Ra3 {[%emt 0:03:13]} 33. Re2 {[%emt 0:00:27]} Kg5 {[%emt 0:00:40]} 34. Kg3 {[%emt 0:02:20]} h4+ {[%emt 0:00:49]} 35. Kf2 {[%emt 0:00:09]} Kf4 {[%emt 0:00:16]} 36. Rdd2 {[%emt 0:00:24]} Bd5 {[%emt 0:01:50]} 37. Re1 {[%emt 0:02:19]} e4 {[%emt 0:01:34]} 38. Re3 {[%emt 0:02:07]} Rc3 {[%emt 0:02:59]} 39. Ke2 {[%emt 0:02:33]} Nc4 {[%emt 0:02:10]} 0-1